|
|
|
|
| LEADER |
01373nam a2200301 a 4500 |
| 001 |
1261113 |
| 008 |
090611s1975 caua b 001 0 eng d |
| 010 |
|
|
|a 74015764
|
| 020 |
|
|
|a 0803904290
|
| 020 |
|
|
|a 0803904282
|
| 040 |
|
|
|a DLC
|c DLC
|d DLC
|
| 082 |
0 |
0 |
|a 300/.7/2
|
| 245 |
0 |
0 |
|a Handbook of evaluation research /
|c edited by Marcia Guttentag and Elmer L. Struening
|
| 260 |
|
|
|a Beverly Hills, Calif. :
|b Sage Publications,
|c c1975.
|
| 300 |
|
|
|a 736 p. :
|b ill. ;
|c 25 cm.
|
| 362 |
|
|
|a vol.1
|
| 500 |
|
|
|a sponsored by the society of the psychological study of social issues.
|
| 504 |
|
|
|a Includes bibliographies(p.653- 719) and indexes.
|
| 541 |
1 |
|
|e 00001355
|
| 650 |
|
0 |
|a Evaluation research (Social action programs)
|x Addresses, essays, lectures.
|
| 650 |
|
0 |
|a Social sciences
|x Methodology.
|
| 650 |
|
0 |
|a Evaluation research (Social action programs)
|x Addresses, essays, lectures.
|
| 700 |
1 |
|
|a Struening, Elmer L.
|q (Elmer Louis),
|d 1924-
|
| 700 |
1 |
|
|a Guttentag, Marcia.
|
| 852 |
4 |
|
|a Ayesha Abed Library
|j General shelf
|
| 999 |
|
|
|c 1309
|d 1309
|
| 952 |
|
|
|0 0
|1 0
|2 ddc
|4 0
|6 300_720000000000000_HAN
|7 0
|9 1192
|a BRACUL
|b BRACUL
|c GEN
|d 2009-06-25
|g 1964.00
|l 0
|o 300.72 HAN
|p 3010001355
|r 2009-06-25
|t 1
|w 2009-06-25
|y BK
|
| 952 |
|
|
|0 0
|1 0
|2 ddc
|4 0
|6 300_720000000000000_HAN
|7 0
|9 17813
|a BRACUL
|b BRACUL
|c GEN
|d 2011-08-11
|g 2625.00
|l 0
|o 300.72 HAN
|p 3010001356
|r 2011-08-11
|t 2
|w 2011-08-11
|y BK
|